| 000 | 00653nam a22002057a 4500 | ||
|---|---|---|---|
| 005 | 20251108164704.0 | ||
| 008 | 250721s1990 xx 000 0 ara d | ||
| 082 | 1 | 4 | _a811.909563/خاط |
| 100 | 1 | _aخاطر، محمد عبد المنعم | |
| 245 | 1 | 0 | _aدراسة في شعر نازك الملائكة / |
| 264 | 1 |
_aالقاهرة : _bالهيئة المصرية العامة للكتاب، _c1990. |
|
| 300 | _a378ص | ||
| 490 | 0 | _aدراسات أدبية | |
| 650 | 1 | 7 | _aالشعر العربي |
| 650 | 1 | 7 | _aالتاريخ الأدبي |
| 650 | 1 | 7 | _aالنقد الأدبي |
| 650 | 1 | 7 | _aالعراق |
| 942 |
_2ddc _cBK |
||
| 999 |
_c11876 _d11876 |
||